000 00201nam a22000857a 4500
008 170208b xxu||||| |||| 00| 0 eng d
100 _92801
_aNCERT
245 _aBiology-XII
260 _aNew Delhi
_bNCERT
_c2006
999 _c6010
_d6010